000 00715nam a22001817a 4500
003 DO-SdBNP
005 20171128144920.0
008 171128b1999 xxu| |||| 00| 0 spa d
040 _aBPMSU
_bspa
_cBPMSU
245 _6
_aManual de instrucciones de la iglesia
260 _aSalt Lake :
_bLa Iglesia de Jesucristo de los Santos de los últimos Días
_c1999
300 _avarias paginaciones . ;
_c29 cm.
505 _aLibro 2 :
_tLideres del sacerdocio y de las organizaciones auxiliares --
_gSección 2 :
_tSacerdocio
_tAerónico
710 _aLa Iglesia de Jesucristo de los Santos de los últimos Días
942 _2ddc
_cBK
945 _aInventariado extranjero / 2017
956 _aVMATEO
_b10
_c20171128
_dBPMSU
_f0069
999 _c13174
_d13174